al-Yaman wa-al-inqilāb al-akhīr /

محفوظ في:

المؤلف الرئيسي: Barrāwī, Rāshid (مؤلف)

التنسيق: كتاب

اللغة: Arabic

منشور في: al-Qāhirah : Maktabat al-Nahḍah al-Miṣrīyah, 1948.

سلاسل: Mushkilāt al-ʻālam al-ʻArabī.

الموضوعات:

الوسوم: إضافة وسم

لا توجد وسوم, كن أول من يضع وسما على هذه التسجيلة!

رقم الطلب: DS247 .Y48 B26 1948

LEADER 01035nam a2200241Ia 4500
003 OSt
005 20230501071708.0
008 130303s1948 ua 000 0 ara d
952 |0 0  |1 0  |2 lcc  |4 0  |6 DS0247 Y48 B26 01948  |7 1  |9 47144  |a ARCE  |b ARCE  |d 2023-05-01  |l 0  |o DS247 .Y48 B26 1948  |p 1033108  |r 2023-05-01 00:00:00  |w 2023-05-01  |y BK 
999 |c 28439  |d 28439 
040 |c ARCE Library 
043 |a a-ye---  
050 4 |a DS247 .Y48 B26 1948 
100 1 |6 880-01  |a Barrāwī, Rāshid,  |e author  |9 26283 
245 1 3 |6 880-02  |a al-Yaman wa-al-inqilāb al-akhīr /   |c bi-qalam Rāshid al-Barrāwī. 
264 1 |a al-Qāhirah :   |b Maktabat al-Nahḍah al-Miṣrīyah,   |c 1948. 
300 |a 53 pages ;   |c 20 cm. 
490 0 |a Mushkilāt al-ʻālam al-ʻArabī. 
651 0 |a Yemen (Republic)  |x History. 
880 1 |6 100-01/(3/r  |a براوي، راشيد 
880 1 |6 245-02/(3/r  |a اليمن و الإنقلاب الأخير   |c بقلم راشد البراوي.‪‪‪‪‪‪‪‪‪‪‪‪‪‪‪‪‪‪‪‪‪‪ 
901 |a reviewed 
942 |c BK  |2 lcc